Cosechas de ira : economía política de la contrarreforma agraria /
Análisis de la situación de la agricultura mexicana de los últimos años del siglo XX y primeros del XXI, tendiente a la desaparición de la pequeña y mediana producción agrícola en el país. Se centra en cuatro grandes temáticas: la política anticampesina; la emigración como consecuencia de la crisis...
Enregistré dans:
| Auteur principal: | |
|---|---|
| Autres auteurs: | , |
| Format: | Livre |
| Langue: | espagnol |
| Publié: |
México :
Itaca : Instituto Maya,
2003, c2003
|
| Sujets: | |
| Tags: |
Pas de tags, Soyez le premier à ajouter un tag!
|
MARC
| LEADER | 00000nam^a2200000^a^4500 | ||
|---|---|---|---|
| 001 | 000327777 | ||
| 005 | 20250625000000.0 | ||
| 009 | 20260310113847.393 | ||
| 020 | |a 968-7943-41-6 | ||
| 037 | |a Acervo ITESO - Biblioteca | ||
| 041 | |a ESP | ||
| 082 | |a 338. 10972 |b BAR | ||
| 100 | |a Bartra Vergés, Armando |e (autor) | ||
| 245 | 1 | 0 | |a Cosechas de ira : |b economía política de la contrarreforma agraria / |c A. Bartra Vergés. |
| 264 | 4 | |a México : |b Itaca : |b Instituto Maya, |c 2003, c2003 | |
| 300 | |a 131 p. | ||
| 336 | |a texto |b txt |2 rdacontenido | ||
| 337 | |a sin mediación |b n |2 rdamedio | ||
| 338 | |a volumen |b nc |2 rdasoporte | ||
| 520 | |a Análisis de la situación de la agricultura mexicana de los últimos años del siglo XX y primeros del XXI, tendiente a la desaparición de la pequeña y mediana producción agrícola en el país. Se centra en cuatro grandes temáticas: la política anticampesina; la emigración como consecuencia de la crisis en el campo; las falsas esperanzas en la industria del café; el deterioro ecológico de la Selva Lacandona. Incluye un ensayo sobre los efectos de la Ley Agrícola norteamericana de 2002, tanto en Estados Unidos como en el mundo. | ||
| 649 | |a XX | ||
| 650 | |a Campesinos - |z México - |x Condiciones Económicas | ||
| 650 | |a Emigración - |z México - |x Aspectos Económicos | ||
| 650 | |a Migración - |z México - |x Aspectos Económicos | ||
| 650 | |a Café - |z México - |x Industria y Comercio | ||
| 650 | |a Reservas Ecológicas - |z Selva Lacandona | ||
| 650 | |a Reservas Ecológicas - |z México | ||
| 650 | |a Agricultura - |z México - |x Aspectos Económicos - |x Tema Principal | ||
| 650 | |a Tenencia de la Tierra - |z México | ||
| 650 | |a Reforma Agraria - |z México - |x Tema Principal | ||
| 650 | |a Reforma Agraria - |z EUA | ||
| 650 | |a Producción Económica - |z México | ||
| 650 | |a Economía de la Tierra - |z México | ||
| 650 | |a Derecho Agrario - |z México | ||
| 650 | |a Derecho Agrario - |z EUA | ||
| 650 | |a Sociología Rural | ||
| 650 | |a Economía - |z México - |x Historia - |y Siglo XX | ||
| 650 | |a Economía - |z México - |x Historia - |y 2000-2009 | ||
| 650 | |a México - |x Condiciones Económicas | ||
| 740 | 0 | |a Perdiendo nuestra tierra : |b la Ley Agrícola de 2002 / |c A. Mittal, P. Rosset. | |
| 700 | |a Mittal, Anuradha |e (autor) | ||
| 700 | |a Rosset, Peter |e (autor) | ||
| 910 | |a Fondo General | ||
| 920 | |a Impresos - Libros | ||
| 930 | |a Colección General | ||
| 905 | |a 101 | ||
| 901 | |a 0500216557 |b IT1 |c ACC |i D59280 |u 20250625 | ||
| 902 | |a https://opac.biblio.iteso.mx/vufind/Record/000327777 | ||